00364 2200145 4500245007800000250001100078100002200089650001600111650001700127005001900144260001800163041001400181084001400195336000900209 aKenangan adalah Harta yang Tak Lekang oleh WaktucAngga Adi SaputrahText aCet. 1 aAngga Adi Saputra aKarya Siswa aAutobiografi a20250520100738 aJakartac2025 aIndonesia a081 ANG k atext